000
00311nam a2200121 a 4500
005
20141022141958.0
008
120301s19uu xx 00 eng d
050
_a
CD
_b
R63 2001
100
_a
Rogers, Bruce
245
_a
Heinle's complete guide to TOEFL test /
_c
Bruce Rogers.
260
_c
2001.
942
_c
AVM
999
_c
276071
_d
276071